[Event "Warsaw Maciei Memorial"]
[Site "Warsaw"]
[Date "2023.07.10"]
[Round "4"]
[White "Cherniaiev, Tykhon"]
[Black "Fistek, Dariusz"]
[Result "1-0"]
[WhiteElo "2331"]
[BlackElo "2153"]
[PlyCount "97"]
[EventDate "2023.07.10"]
[EventType "swiss (blitz)"]
[EventRounds "11"]
[EventCountry "POL"]
[SourceTitle "CBM 215 Extra"]
[Source "ChessBase"]
[SourceDate "2023.09.30"]
[SourceVersion "1"]
[SourceVersionDate "2023.09.30"]
[SourceQuality "1"]

1. Nf3 Nf6 2. d4 g6 3. c4 Bg7 4. g3 0-0 5. Bg2 d6 6. 0-0 Nc6 7. Nc3 a6 8. b3 Rb8 9. Bb2 b5 10. cxb5 axb5 11. d5 Na5 12. Nd4 Bd7 13. Rc1 b4 14. Nb1 e6 15. Qc2 Ne8 16. dxe6 fxe6 17. Rfd1 c5 18. Nf3 Qe7 19. Bxg7 Nxg7 20. Nbd2 Bb5 21. Ne4 Rfd8 22. Qd2 Nb7 23. Qf4 Rf8 24. Qd2 Rbd8 25. e3 Bc6 26. Ne1 d5 27. Nxc5 Nxc5 28. Qxb4 Qf7 29. Qxc5 Qxf2+ 30. Kh1 Ba8 31. Nd3 Qxa2 32. Nf4 Qxb3 33. Qd4 Qb8 34. Rb1 Qd6 35. Rb6 Qe7 36. Qe5 Rf5 37. Qb2 Rff8 38. Bh3 Rd6 39. Rb8 d4+ 40. Kg1 dxe3 41. Rxf8+ Qxf8 42. Re1 e5 43. Qxe5 Rd8 44. Qxe3 Qd6 45. Ne6 Nxe6 46. Bxe6+ Kg7 47. Rf1 Qd4 48. Rf7+ Kh8 49. Qxd4+ 1-0

[Event "Warsaw Maciei Memorial"]
[Site "Warsaw"]
[Date "2023.07.10"]
[Round "1"]
[White "Fistek, Dariusz"]
[Black "Staszewski, Krzysztof"]
[Result "1-0"]
[WhiteElo "2153"]
[BlackElo "1405"]
[PlyCount "61"]
[EventDate "2023.07.10"]
[EventType "swiss (blitz)"]
[EventRounds "11"]
[EventCountry "POL"]
[SourceTitle "CBM 215 Extra"]
[Source "ChessBase"]
[SourceDate "2023.09.30"]
[SourceVersion "1"]
[SourceVersionDate "2023.09.30"]
[SourceQuality "1"]

1. d4 Nf6 2. c4 e5 3. dxe5 Ng4 4. Nf3 Nc6 5. Nc3 Ngxe5 6. e3 Bb4 7. Bd2 0-0 8. a3 Be7 9. Be2 b6 10. 0-0 a5 11. Nd4 Bb7 12. f4 Ng6 13. Bf3 Rb8 14. Ndb5 Bf6 15. Qc2 Re8 16. Nd5 Ba6 17. Nbxc7 Bb7 18. Nxe8 Qxe8 19. Nxf6+ gxf6 20. Rae1 Qe7 21. Bc3 Re8 22. Qf5 Nd8 23. Bxf6 Qc5 24. Qxd7 Bc6 25. Qd4 Qxd4 26. Bxd4 Bxf3 27. Rxf3 Nc6 28. Bxb6 Rb8 29. c5 Nce7 30. Rd1 Nd5 31. Rxd5 1-0

[Event "EU-ch Rapid"]
[Site "Katowice"]
[Date "2022.12.17"]
[Round "5"]
[White "Fistek, Dariusz"]
[Black "Brilej, Jaka"]
[Result "0-1"]
[WhiteElo "2158"]
[BlackElo "2336"]
[PlyCount "102"]
[EventDate "2022.12.17"]
[EventType "swiss (rapid)"]
[EventRounds "11"]
[EventCountry "POL"]
[SourceTitle "CBM 211 Extra"]
[Source "ChessBase"]
[SourceDate "2023.01.31"]
[SourceVersion "1"]
[SourceVersionDate "2023.01.31"]
[SourceQuality "1"]

1. d4 d5 2. c4 c6 3. Nc3 Nf6 4. Nf3 e6 5. e3 Nbd7 6. Qc2 Bd6 7. b3 0-0 8. Be2 b6 9. 0-0 Bb7 10. Bb2 Qe7 11. Rad1 Rad8 12. Rfe1 Rfe8 13. Bf1 c5 14. dxc5 bxc5 15. cxd5 exd5 16. Bb5 Bb8 17. Ne2 a6 18. Bd3 Ne4 19. Ng3 Ndf6 20. Nh4 g6 21. Nf3 Ng4 22. Nxe4 dxe4 23. Qc3 f6 24. Bc4+ Kg7 25. h3 exf3 26. hxg4 Be5 27. Qc2 fxg2 28. Rxd8 Rxd8 29. e4 Bxb2 30. Qxb2 Rd4 31. f3 Qd6 32. Qxg2 Rd2 33. Re2 Rd1+ 34. Kf2 Qd4+ 35. Re3 Rd2+ 36. Be2 Bc6 37. a4 Rc2 38. Qg3 Rc3 39. f4 Bxe4 40. Bxa6 Rxb3 41. f5 Bc6 42. fxg6 hxg6 43. a5 c4 44. Bxc4 Rxe3 45. Qxe3 Qxc4 46. Qe7+ Qf7 47. Qd6 Qd7 48. Qc5 Qd2+ 49. Kf1 Qf4+ 50. Ke1 Qe5+ 51. Qxe5 fxe5 0-1

[Event "EU-ch Rapid"]
[Site "Katowice"]
[Date "2022.12.17"]
[Round "2"]
[White "Schneider, Ilja"]
[Black "Fistek, Dariusz"]
[Result "1-0"]
[WhiteElo "2483"]
[BlackElo "2158"]
[PlyCount "81"]
[EventDate "2022.12.17"]
[EventType "swiss (rapid)"]
[EventRounds "11"]
[EventCountry "POL"]
[SourceTitle "CBM 211 Extra"]
[Source "ChessBase"]
[SourceDate "2023.01.31"]
[SourceVersion "1"]
[SourceVersionDate "2023.01.31"]
[SourceQuality "1"]

1. e4 c5 2. Nc3 Nc6 3. Bb5 Nd4 4. Nf3 Nxb5 5. Nxb5 a6 6. Nc3 e6 7. d4 cxd4 8. Qxd4 Qc7 9. 0-0 Ne7 10. Re1 Nc6 11. Nd5 Nxd4 12. Nxc7+ Kd8 13. Nxa8 Nxc2 14. Nb6 Nxa1 15. Be3 d6 16. Ng5 Ke8 17. Rxa1 h6 18. Rc1 Bd7 19. Nxf7 Rg8 20. Nxd6+ Bxd6 21. Rd1 Bxh2+ 22. Kxh2 Bc6 23. f3 g5 24. Nc4 h5 25. Ne5 Bb5 26. b3 Ke7 27. a4 Be8 28. Rc1 Kd6 29. Nc4+ Ke7 30. Bc5+ Kf6 31. Bd4+ Ke7 32. Ne5 Kd6 33. Rc8 g4 34. fxg4 hxg4 35. Kg3 b5 36. a5 b4 37. Nc4+ Kd7 38. Nb6+ Kd6 39. e5+ Ke7 40. Bc5+ Kf7 41. Nc4 1-0

[Event "POL-ch blitz"]
[Site "Suwalki"]
[Date "2022.09.24"]
[Round "8"]
[White "Fistek, Dariusz"]
[Black "Jedynak, January"]
[Result "0-1"]
[WhiteElo "2158"]
[BlackElo "1869"]
[PlyCount "48"]
[EventDate "2022.09.24"]
[EventType "swiss (blitz)"]
[EventRounds "15"]
[EventCountry "POL"]
[SourceTitle "CBM 210 Extra"]
[Source "ChessBase"]
[SourceDate "2022.11.30"]
[SourceVersion "1"]
[SourceVersionDate "2022.11.30"]
[SourceQuality "1"]

1. d4 d5 2. c4 e6 3. Nc3 Nf6 4. Nf3 c6 5. e3 Nbd7 6. Qc2 Bd6 7. b3 0-0 8. Be2 Re8 9. Bb2 e5 10. cxd5 Nxd5 11. dxe5 Nxc3 12. exd6 Nxe2 13. Qxe2 Nc5 14. Rd1 Qa5+ 15. Kf1 Bf5 16. Nd4 Bg6 17. a3 Qd8 18. b4 Ne4 19. f3 Nxd6 20. h4 h6 21. h5 Bh7 22. Kf2 Qe7 23. e4 Rad8 24. Qd2 f5 0-1

[Event "POL-ch blitz"]
[Site "Suwalki"]
[Date "2022.09.24"]
[Round "13"]
[White "Fistek, Dariusz"]
[Black "Kaminski, Maciej1111"]
[Result "1/2-1/2"]
[WhiteElo "2158"]
[BlackElo "1905"]
[PlyCount "124"]
[EventDate "2022.09.24"]
[EventType "swiss (blitz)"]
[EventRounds "15"]
[EventCountry "POL"]
[SourceTitle "CBM 210 Extra"]
[Source "ChessBase"]
[SourceDate "2022.11.30"]
[SourceVersion "1"]
[SourceVersionDate "2022.11.30"]
[SourceQuality "1"]

1. d4 Nf6 2. c4 e5 3. dxe5 Ng4 4. Nf3 d6 5. exd6 Bxd6 6. Nbd2 Nc6 7. g3 Bc5 8. e3 Qe7 9. Nb3 Bb4+ 10. Bd2 Bf5 11. Be2 0-0-0 12. 0-0 Rhe8 13. Nfd4 Nxd4 14. Bxg4 Bxg4 15. Qxg4+ f5 16. Bxb4 fxg4 17. Bxe7 Nf3+ 18. Kg2 Rxe7 19. Rfd1 Rf8 20. Nd4 Ne5 21. b3 h5 22. Rd2 g5 23. Rad1 a6 24. h3 c5 25. Nc2 gxh3+ 26. Kxh3 Ref7 27. Kg2 Ng4 28. Rf1 Nf6 29. f3 Re7 30. e4 Nd7 31. Rd5 b6 32. Ne3 Ne5 33. Nf5 Re6 34. Ng7 Re7 35. Nxh5 Rh8 36. Nf6 Re6 37. Ng4 Nxg4 38. fxg4 Rxe4 39. Rf7 Re2+ 40. Kf3 Rxa2 41. Rdd7 Rb2 42. Rc7+ Kb8 43. Rb7+ Kc8 44. Rfc7+ Kd8 45. Rg7 Rf8+ 46. Ke3 Kc8 47. Rgc7+ Kd8 48. Rd7+ Kc8 49. Rdc7+ Kd8 50. Rg7 Rxb3+ 51. Ke4 Kc8 52. Ra7 Kb8 53. Rab7+ Ka8 54. Ra7+ Kb8 55. Rab7+ Ka8 56. Ra7+ Kb8 57. Rgb7+ Kc8 58. Rg7 Kb8 59. Rgb7+ Kc8 60. Rc7+ Kb8 61. Rcb7+ Kc8 62. Rc7+ Kb8 1/2-1/2

[Event "POL-ch blitz"]
[Site "Suwalki"]
[Date "2022.09.24"]
[Round "15"]
[White "Fistek, Dariusz"]
[Black "Ryszkiewicz, Adam"]
[Result "0-1"]
[WhiteElo "2158"]
[BlackElo "1954"]
[PlyCount "105"]
[EventDate "2022.09.24"]
[EventType "swiss (blitz)"]
[EventRounds "15"]
[EventCountry "POL"]
[SourceTitle "CBM 210 Extra"]
[Source "ChessBase"]
[SourceDate "2022.11.30"]
[SourceVersion "1"]
[SourceVersionDate "2022.11.30"]
[SourceQuality "1"]

1. d4 d5 2. c4 dxc4 3. Nf3 Nf6 4. e3 e6 5. Bxc4 Be7 6. 0-0 0-0 7. Nc3 a6 8. Qe2 b5 9. Bb3 Bb7 10. Rd1 Nbd7 11. a3 c5 12. d5 exd5 13. Nxd5 Nxd5 14. Bxd5 Bxd5 15. Rxd5 Qc7 16. e4 Nb6 17. Rd1 Rad8 18. Be3 Nc4 19. g3 Bf6 20. Bf4 Ne5 21. Nxe5 Bxe5 22. Be3 Rfe8 23. Rac1 Rxd1+ 24. Rxd1 c4 25. f4 Bd6 26. e5 Bc5 27. Rd5 Bb6 28. Qf2 Bxe3 29. Qxe3 h6 30. f5 Qc6 31. Qd4 a5 32. Qc5 Qxc5+ 33. Rxc5 Rb8 34. Kf2 Kf8 35. Ke3 Ke7 36. Rc7+ Ke8 37. Kd4 Rd8+ 38. Kc5 Rd2 39. Kxb5 Rxb2+ 40. Kxa5 Re2 41. Rc5 c3 42. Kb4 c2 43. a4 Kd7 44. a5 Re4+ 45. Kb3 Rxe5 46. Rxc2 Rxa5 47. f6 g6 48. Re2 Rf5 49. Re7+ Kd6 50. Rxf7 Ke6 51. Rh7 h5 52. f7 Rxf7 53. Rh6 0-1

[Event "POL-ch blitz"]
[Site "Suwalki"]
[Date "2022.09.24"]
[Round "4"]
[White "Liskiewicz, Jakub"]
[Black "Fistek, Dariusz"]
[Result "1-0"]
[WhiteElo "1770"]
[BlackElo "2158"]
[PlyCount "83"]
[EventDate "2022.09.24"]
[EventType "swiss (blitz)"]
[EventRounds "15"]
[EventCountry "POL"]
[SourceTitle "CBM 210 Extra"]
[Source "ChessBase"]
[SourceDate "2022.11.30"]
[SourceVersion "1"]
[SourceVersionDate "2022.11.30"]
[SourceQuality "1"]

1. d4 Nf6 2. c4 g6 3. Nc3 Bg7 4. e4 d6 5. Be2 0-0 6. Nf3 e5 7. 0-0 Nbd7 8. dxe5 dxe5 9. Qc2 c6 10. Be3 Ng4 11. Bg5 f6 12. Bd2 Nh6 13. Rad1 Qe7 14. Rfe1 Nc5 15. b4 Ne6 16. c5 a5 17. a3 Nf7 18. Bc4 axb4 19. axb4 Re8 20. Na4 Nd4 21. Nxd4 exd4 22. Nb6 Rb8 23. Bf4 Bg4 24. f3 Be6 25. Bxb8 Rxb8 26. Rxd4 f5 27. Rd2 f4 28. Red1 Bf6 29. Bxe6 Qxe6 30. Rd7 Be5 31. Qc4 Qf6 32. Kf1 h5 33. h3 Kf8 34. Qa2 Ke8 35. Qa7 Qe6 36. Rxb7 Rxb7 37. Qxb7 Nd8 38. Qd7+ Qxd7 39. Nxd7 Bc3 40. Nb8 Bxb4 41. Rxd8+ Kxd8 42. Nxc6+ 1-0

[Event "Bydgoszcz PGNiG Rapid"]
[Site "Bydgoszcz"]
[Date "2021.09.18"]
[Round "7"]
[White "Dziuba, Marcin"]
[Black "Fistek, Dariusz"]
[Result "1-0"]
[WhiteElo "2578"]
[BlackElo "2182"]
[PlyCount "67"]
[EventDate "2021.09.18"]
[EventType "swiss (rapid)"]
[EventRounds "9"]
[EventCountry "POL"]
[SourceTitle "CBM 204 Extra"]
[Source "ChessBase"]
[SourceDate "2021.11.30"]
[SourceVersion "1"]
[SourceVersionDate "2021.11.30"]
[SourceQuality "1"]

1. Nf3 Nf6 2. g3 g6 3. Bg2 Bg7 4. 0-0 0-0 5. c4 d6 6. d4 c6 7. Nc3 Qa5 8. e4 Qh5 9. e5 dxe5 10. Nxe5 Qxd1 11. Rxd1 Nfd7 12. Nf3 Na6 13. Bg5 Re8 14. Re1 Kf8 15. Re2 h6 16. Bf4 Nb6 17. b3 Bg4 18. Rd2 Bxf3 19. Bxf3 Rad8 20. Rad1 e5 21. dxe5 Rxd2 22. Bxd2 Rxe5 23. Ne4 f5 24. Nd6 Re7 25. b4 Rd7 26. b5 cxb5 27. cxb5 Nb8 28. Nxb7 Nc4 29. Bb4+ Ke8 30. Re1+ Kf7 31. Nc5 Rc7 32. Bd5+ Kf6 33. Bc3+ Kg5 34. Ne6+ 1-0

[Event "Subcarpathian-chT"]
[Site "Bystre"]
[Date "2021.06.12"]
[Round "7.25"]
[White "Fistek, Dariusz"]
[Black "Podulka, Kacper"]
[Result "1-0"]
[WhiteElo "2178"]
[BlackElo "1202"]
[PlyCount "51"]
[EventDate "2021.06.09"]
[EventType "team-tourn"]
[EventRounds "9"]
[EventCountry "POL"]
[SourceTitle "EXT 2022"]
[Source "ChessBase"]
[SourceDate "2021.10.06"]
[SourceVersion "1"]
[SourceVersionDate "2021.10.06"]
[SourceQuality "1"]

1. d4 f5 2. c4 e6 3. Nf3 Nf6 4. g3 d5 5. Bg2 c6 6. 0-0 Bd6 7. b3 0-0 8. Bb2 Bd7 9. Nbd2 Be8 10. Ne5 Nbd7 11. Ndf3 Bh5 12. Nd3 Qe7 13. Nfe5 Rae8 14. Qc2 h6 15. Nf4 Bf7 16. Nfg6 Bxg6 17. Nxg6 Qf7 18. Nxf8 Rxf8 19. cxd5 cxd5 20. e3 Ne4 21. a4 Ndf6 22. Ba3 Bxg3 23. fxg3 Nxg3 24. hxg3 Ng4 25. Bxf8 Qh5 26. Rf3 1-0

[Event "EU-ch blitz"]
[Site "Katowice"]
[Date "2017.12.15"]
[Round "7"]
[White "Fistek, Dariusz"]
[Black "Sliwicka, Alicja"]
[Result "0-1"]
[WhiteElo "2218"]
[BlackElo "2337"]
[PlyCount "37"]
[EventDate "2017.12.15"]
[EventType "swiss (blitz)"]
[EventRounds "22"]
[EventCountry "POL"]
[SourceTitle "CBM 182 Extra"]
[Source "ChessBase"]
[SourceDate "2018.02.23"]
[SourceVersion "1"]
[SourceVersionDate "2018.02.23"]
[SourceQuality "1"]

1. e4 Nf6 2. d4 c5 3. c4 b5 4. d5 a6 5. cxb5 a5 6. Nc3 g6 7. Nf3 d6 8. g3 Bg7 9. Bg2 0-0 10. 0-0 Nbd7 11. Qc2 Qb6 12. Rb1 Ne8 13. Bd2 Nc7 14. b3 Nf6 15. e5 dxe5 16. Nxe5 Nfxd5 17. Nc4 Ne3 18. Nxe3 e6 19. Rb2 0-1

[Event "EU-ch blitz"]
[Site "Katowice"]
[Date "2017.12.15"]
[Round "8"]
[White "Sliwicka, Alicja"]
[Black "Fistek, Dariusz"]
[Result "1-0"]
[WhiteElo "2337"]
[BlackElo "2218"]
[PlyCount "39"]
[EventDate "2017.12.15"]
[EventType "swiss (blitz)"]
[EventRounds "22"]
[EventCountry "POL"]
[SourceTitle "CBM 182 Extra"]
[Source "ChessBase"]
[SourceDate "2018.02.23"]
[SourceVersion "1"]
[SourceVersionDate "2018.02.23"]
[SourceQuality "1"]

1. e4 c5 2. Nf3 d6 3. d4 cxd4 4. Qxd4 Nc6 5. Bb5 Bd7 6. Bxc6 Bxc6 7. Nc3 e6 8. Bg5 Nf6 9. 0-0-0 Be7 10. Qd3 Qc7 11. Kb1 a6 12. Nd4 0-0 13. f4 h6 14. h4 b5 15. e5 dxe5 16. fxe5 Nd5 17. Nxc6 hxg5 18. Nxd5 exd5 19. hxg5 g6 20. Qh3 1-0

[Event "POL-chT3 Podkarpackie"]
[Site "Czudec"]
[Date "2016.05.29"]
[Round "4.26"]
[White "Fistek, Dariusz"]
[Black "Sygulski, Pawel"]
[Result "1/2-1/2"]
[WhiteElo "2239"]
[BlackElo "2182"]
[PlyCount "60"]
[EventDate "2016.05.27"]
[EventType "team-tourn"]
[EventRounds "9"]
[EventCountry "POL"]
[SourceTitle "EXT 2018"]
[Source "ChessBase"]
[SourceDate "2017.10.13"]
[SourceVersion "1"]
[SourceVersionDate "2017.10.13"]
[SourceQuality "1"]
[WhiteTeam "Przemysl MKS Polonia"]
[BlackTeam "Czarna LKSz GCKiP II"]
[WhiteTeamCountry "POL"]
[BlackTeamCountry "POL"]

1. d4 f5 2. c4 Nf6 3. Nf3 e6 4. g3 b6 5. Bg2 Bb4+ 6. Bd2 Bxd2+ 7. Qxd2 Bb7 8. Nc3 0-0 9. 0-0 Qe7 10. Rad1 d6 11. Qc2 g6 12. d5 e5 13. e4 fxe4 14. Nxe4 Nxe4 15. Qxe4 Nd7 16. Qe3 a5 17. Ng5 Nc5 18. Rde1 Rae8 19. Bh3 Bc8 20. Bxc8 Rxc8 21. f4 h6 22. Nf3 e4 23. Nd4 Qf6 24. b3 Rce8 25. Re2 Rf7 26. a3 Nd3 27. Ne6 Nc5 28. Nd4 Nd3 29. Kg2 g5 30. f5 Re5 1/2-1/2

[Event "POL-ch U26"]
[Site "Zabrze"]
[Date "2015.01.11"]
[Round "9"]
[White "Sadzikowski, Daniel"]
[Black "Fistek, Dariusz"]
[Result "1-0"]
[WhiteElo "2496"]
[BlackElo "2235"]
[PlyCount "95"]
[EventDate "2015.01.10"]
[EventType "swiss"]
[EventRounds "9"]
[EventCountry "POL"]
[SourceTitle "EXT 2016"]
[Source "ChessBase"]
[SourceDate "2015.10.08"]
[SourceVersion "1"]
[SourceVersionDate "2015.10.08"]
[SourceQuality "1"]

1. c4 Nf6 2. Nc3 g6 3. e4 d6 4. d4 Bg7 5. Be2 0-0 6. Nf3 e5 7. 0-0 Nbd7 8. Re1 c6 9. Bf1 a5 10. Rb1 Re8 11. d5 Nc5 12. b3 Bd7 13. a3 cxd5 14. cxd5 Qb6 15. Nd2 Rec8 16. Nc4 Qc7 17. a4 Nh5 18. g3 f5 19. exf5 Bxf5 20. Rb2 Nf6 21. Nb5 Qd8 22. Ncxd6 Rcb8 23. Nxf5 gxf5 24. d6 Ra6 25. Bc4+ Kh8 26. Rxe5 Nce4 27. Rxf5 Nxd6 28. Rd2 Nfe4 29. Nxd6 Rxd6 30. Rxd6 Qxd6 31. Qxd6 Nxd6 32. Bf4 Nxf5 33. Bxb8 Bd4 34. Kg2 Kg7 35. Bc7 b6 36. f4 Kf6 37. Bd8+ Kg7 38. g4 Ne3+ 39. Kf3 Bc5 40. h4 Nc2 41. h5 Ne1+ 42. Ke4 Ng2 43. g5 Ne3 44. f5 Ng4 45. f6+ Kf8 46. Kf5 Ne3+ 47. Ke6 Ng2 48. Be7+ 1-0

[Event "POL-chT3 Podkarpackie"]
[Site "Pstragowa"]
[Date "2014.05.04"]
[Round "8.27"]
[White "Mytych, Rafal"]
[Black "Fistek, Dariusz"]
[Result "0-1"]
[WhiteElo "1572"]
[BlackElo "2237"]
[PlyCount "86"]
[EventDate "2014.04.30"]
[EventType "team-tourn"]
[EventRounds "9"]
[EventCountry "POL"]
[SourceTitle "EXT 2015"]
[Source "ChessBase"]
[SourceDate "2014.11.20"]
[SourceVersion "1"]
[SourceVersionDate "2014.11.20"]
[SourceQuality "1"]
[WhiteTeam "Sedziszow Malopolski"]
[BlackTeam "Przemysl MKS Polonia"]
[WhiteTeamCountry "POL"]
[BlackTeamCountry "POL"]

1. e4 c5 2. Nf3 d6 3. d4 cxd4 4. Nxd4 Nf6 5. Nc3 Nc6 6. Bg5 e6 7. Be2 Be7 8. 0-0 h6 9. Be3 0-0 10. f4 a6 11. Kh1 Qc7 12. a4 Bd7 13. h3 Na5 14. Nf3 Nc4 15. Bxc4 Qxc4 16. e5 Nd5 17. Nxd5 exd5 18. Qd4 Rac8 19. c3 dxe5 20. Nxe5 Qxd4 21. Bxd4 Bf5 22. Kh2 f6 23. Nf3 Bd6 24. g3 Rfe8 25. Rfe1 Kf7 26. Kg2 Bc2 27. a5 g5 28. fxg5 hxg5 29. Rxe8 Rxe8 30. Re1 Be4 31. Kf2 Kg6 32. b4 f5 33. h4 gxh4 34. Nxh4+ Kg5 35. Ng2 Kg4 36. Ne3+ Kh3 37. Rg1 Rg8 38. Nf1 Bb8 39. Bc5 Be5 40. Bd4 Bxd4+ 41. cxd4 Rc8 42. Ne3 Rc3 43. Rd1 Rb3 0-1

[Event "POL-chT3 Podkarpackie"]
[Site "Pstragowa"]
[Date "2014.05.03"]
[Round "7.9"]
[White "Fistek, Dariusz"]
[Black "Gawiec, Konrad"]
[Result "1-0"]
[WhiteElo "2237"]
[BlackElo "1931"]
[PlyCount "67"]
[EventDate "2014.04.30"]
[EventType "team-tourn"]
[EventRounds "9"]
[EventCountry "POL"]
[SourceTitle "EXT 2015"]
[Source "ChessBase"]
[SourceDate "2014.11.20"]
[SourceVersion "1"]
[SourceVersionDate "2014.11.20"]
[SourceQuality "1"]
[WhiteTeam "Przemysl MKS Polonia"]
[BlackTeam "Czarna II"]
[WhiteTeamCountry "POL"]
[BlackTeamCountry "POL"]

1. d4 d6 2. Nf3 g6 3. c4 Bg7 4. Nc3 Nf6 5. g3 0-0 6. Bg2 Nbd7 7. 0-0 c5 8. d5 Nb6 9. Qd3 e5 10. e4 Nh5 11. a4 Bd7 12. a5 Nc8 13. Bg5 f6 14. Bd2 Ne7 15. Nh4 f5 16. exf5 gxf5 17. Bg5 Nf6 18. Bh3 Ne4 19. Bxe7 Qxe7 20. Nxf5 Bxf5 21. Bxf5 Rxf5 22. Nxe4 Raf8 23. f3 Bh6 24. Ra3 Kh8 25. Kg2 R5f7 26. Rb3 Qd8 27. Rb5 Rg8 28. b4 cxb4 29. Rxb4 Rfg7 30. Rfb1 Qxa5 31. Rxb7 Rg6 32. Nxd6 Rf8 33. Nf7+ Kg8 34. Nxe5 1-0

[Event "POL-chT3 Podkarpackie"]
[Site "Pstragowa"]
[Date "2014.05.02"]
[Round "4.15"]
[White "Uryasz, Tomasz"]
[Black "Fistek, Dariusz"]
[Result "1/2-1/2"]
[WhiteElo "1554"]
[BlackElo "2237"]
[PlyCount "118"]
[EventDate "2014.04.30"]
[EventType "team-tourn"]
[EventRounds "9"]
[EventCountry "POL"]
[SourceTitle "EXT 2015"]
[Source "ChessBase"]
[SourceDate "2014.11.20"]
[SourceVersion "1"]
[SourceVersionDate "2014.11.20"]
[SourceQuality "1"]
[WhiteTeam "Pilzno GKSz Hetman II"]
[BlackTeam "Przemysl MKS Polonia"]
[WhiteTeamCountry "POL"]
[BlackTeamCountry "POL"]

1. e4 c5 2. Nf3 d6 3. d4 cxd4 4. Nxd4 Nf6 5. Nc3 Nc6 6. Be2 e5 7. Nb3 Be7 8. 0-0 a5 9. Nd2 Be6 10. Nc4 Nxe4 11. Nxe4 d5 12. Ned2 dxc4 13. Bxc4 Qc8 14. Bxe6 Qxe6 15. Re1 Rd8 16. c3 0-0 17. Qb3 Qxb3 18. axb3 Rd5 19. Nc4 f5 20. Be3 Rb5 21. Bb6 Bd8 22. Bxd8 Rxd8 23. Ra3 e4 24. Kf1 Kf7 25. Ke2 Kf6 26. Rd1 Rxd1 27. Kxd1 f4 28. Ke2 Ke6 29. Nd2 Kf5 30. Ra4 Re5 31. Nc4 Rd5 32. Nd2 b5 33. Ra1 Rd3 34. Nxe4 Rd5 35. f3 h6 36. Rd1 Ke5 37. Rxd5+ Kxd5 38. Nf2 a4 39. bxa4 bxa4 40. Nd3 g5 41. Kd2 Na5 42. g3 Nc4+ 43. Kc2 Ne3+ 44. Kc1 fxg3 45. hxg3 h5 46. Nf2 g4 47. fxg4 hxg4 48. Kd2 Nf1+ 49. Kd3 Nxg3 50. Nxg4 Nh5 51. c4+ Kc5 52. Kc3 Nf4 53. Ne3 Ne2+ 54. Kd2 Nd4 55. Kd3 Nc6 56. Kc3 Ne5 57. b4+ axb3 58. Kxb3 Kd4 59. c5 Kxc5 1/2-1/2

[Event "POL-chT3 Podkarpackie"]
[Site "Pstragowa"]
[Date "2014.04.30"]
[Round "1.26"]
[White "Luka, Krzysztof"]
[Black "Fistek, Dariusz"]
[Result "0-1"]
[WhiteElo "1864"]
[BlackElo "2237"]
[PlyCount "58"]
[EventDate "2014.04.30"]
[EventType "team-tourn"]
[EventRounds "9"]
[EventCountry "POL"]
[SourceTitle "EXT 2015"]
[Source "ChessBase"]
[SourceDate "2014.11.20"]
[SourceVersion "1"]
[SourceVersionDate "2014.11.20"]
[SourceQuality "1"]
[WhiteTeam "Rzeszow"]
[BlackTeam "Przemysl MKS Polonia"]
[WhiteTeamCountry "POL"]
[BlackTeamCountry "POL"]

1. d4 Nf6 2. c4 g6 3. Nc3 Bg7 4. e4 d6 5. Nf3 0-0 6. Bd3 Nbd7 7. Be3 e5 8. d5 Ng4 9. Bg5 f6 10. Bh4 h5 11. h3 Nh6 12. Qd2 a5 13. Na4 Qe8 14. Bc2 Nc5 15. Nxc5 dxc5 16. Rd1 Nf7 17. Bg3 Bh6 18. Qe2 Nd6 19. Rb1 Bd7 20. Nd2 f5 21. f3 Qe7 22. Bd3 Rae8 23. Kd1 c6 24. Re1 cxd5 25. cxd5 b5 26. b3 c4 27. bxc4 bxc4 28. Bxc4 Bxd2 29. Kxd2 Qg5+ 0-1

[Event "POL-chT 2nd League"]
[Site "Lazy"]
[Date "2012.09.04"]
[Round "4"]
[White "Fistek, Dariusz"]
[Black "Adamowicz, Maciej"]
[Result "1/2-1/2"]
[WhiteElo "2242"]
[BlackElo "1985"]
[PlyCount "80"]
[EventDate "2012.09.01"]
[EventType "team-swiss"]
[EventRounds "9"]
[EventCountry "POL"]
[SourceTitle "EXT 2019"]
[Source "ChessBase"]
[SourceDate "2018.10.10"]
[SourceVersion "1"]
[SourceVersionDate "2018.10.10"]
[SourceQuality "1"]
[WhiteTeam "Przemysl MKS Polonia"]
[BlackTeam "Koszalin Hetman Politechnika"]
[WhiteTeamCountry "POL"]
[BlackTeamCountry "POL"]

1. d4 g6 2. Nf3 Bg7 3. c4 c5 4. d5 d6 5. g3 a6 6. a4 Qa5+ 7. Bd2 Qb6 8. Ra2 a5 9. Nc3 Na6 10. Bg2 Nb4 11. Ra1 Bf5 12. Rc1 Nf6 13. 0-0 h5 14. Nh4 Bd7 15. Bf4 0-0-0 16. e4 Ng4 17. h3 Ne5 18. Bxe5 Bxe5 19. f4 Bg7 20. Qe2 Bh6 21. Rce1 Rhg8 22. Nf3 g5 23. fxg5 Bxg5 24. Nxg5 Rxg5 25. Kh2 f6 26. Bf3 Rdg8 27. Rg1 Be8 28. h4 R5g7 29. g4 hxg4 30. Bxg4+ Kb8 31. Be6 Rxg1 32. Rxg1 Rh8 33. Kh3 Qd8 34. Rg3 Bh5 35. Qg2 Qf8 36. Qd2 Bf7 37. Bxf7 Qxf7 38. Qf4 Qh7 39. Nb5 b6 40. Qg4 Qh6 1/2-1/2

[Event "POL-chT 2nd League"]
[Site "Lazy"]
[Date "2012.09.02"]
[Round "2"]
[White "Fistek, Dariusz"]
[Black "Paterek, Michal"]
[Result "1/2-1/2"]
[WhiteElo "2242"]
[BlackElo "2304"]
[PlyCount "153"]
[EventDate "2012.09.01"]
[EventType "team-swiss"]
[EventRounds "9"]
[EventCountry "POL"]
[SourceTitle "EXT 2019"]
[Source "ChessBase"]
[SourceDate "2018.10.10"]
[SourceVersion "1"]
[SourceVersionDate "2018.10.10"]
[SourceQuality "1"]
[WhiteTeam "Przemysl MKS Polonia"]
[BlackTeam "Gostynin Gostmat 83"]
[WhiteTeamCountry "POL"]
[BlackTeamCountry "POL"]

1. d4 d5 2. c4 c6 3. Nc3 Nf6 4. Nf3 a6 5. c5 g6 6. Bf4 Bg7 7. g3 Nbd7 8. Bg2 Nh5 9. Bd2 0-0 10. 0-0 Re8 11. e4 dxe4 12. Nxe4 Nhf6 13. Re1 Nxe4 14. Rxe4 Nf6 15. Re1 Bg4 16. Qa4 Bxf3 17. Bxf3 Qd7 18. Rad1 Nd5 19. Qc4 Rad8 20. a4 Qf5 21. Kg2 Rd7 22. b4 Red8 23. Bc1 Nc7 24. Bb2 Ne6 25. Be4 Qf6 26. b5 axb5 27. axb5 Nxd4 28. bxc6 bxc6 29. Qa6 e5 30. Bxd4 exd4 31. Qxc6 Qxc6 32. Bxc6 Rc7 33. Ba4 Rxc5 34. Re7 Kf8 35. Rb7 Be5 36. Rd3 Rc7 37. Rxc7 Bxc7 38. f4 Ba5 39. Kf3 Bc3 40. g4 Ke7 41. Bb3 Rd7 42. Ke4 Rb7 43. Bd5 Rb5 44. f5 Kf6 45. Rh3 Kg7 46. fxg6 hxg6 47. Rf3 f6 48. h4 Rb1 49. Rh3 Rg1 50. Kf4 Bd2+ 51. Kf3 Re1 52. Kf2 Re5 53. Bc4 f5 54. gxf5 Rxf5+ 55. Ke2 Be3 56. Rh2 Kh6 57. Bd3 Rf6 58. Rg2 Kh5 59. Be4 Ra6 60. Kf3 Kh6 61. Bb1 Rf6+ 62. Ke2 Rb6 63. Bd3 Rb2+ 64. Kf3 Rb6 65. Ke2 Kh5 66. Kf3 Bh6 67. Ke4 Bg7 68. Kd5 Rf6 69. Rg5+ Kh6 70. Rg2 Rb6 71. Rg4 Bh8 72. Rg2 Rf6 73. Rg4 Rb6 74. Rg2 Kh5 75. Rg5+ Kxh4 76. Rxg6 Rxg6 77. Bxg6 1/2-1/2